000 00182 a2200097 4500
020 _a9789682929748
041 _aspa
100 _aAnonimo
245 _aCoplas al Viento
942 _cBK
999 _c14578
_d14578